Butterworths business landlord and tenant handbook (Record no. 110194)

MARC details
000 -LEADER
fixed length control field 01125cam a22002895a 4500
001 - CONTROL NUMBER
control field L148734
008 - FIXED-LENGTH DATA ELEMENTS--GENERAL INFORMATION
fixed length control field 091029s2009 xxk f 000 0 eng d
020 ## - INTERNATIONAL STANDARD BOOK NUMBER
International Standard Book Number 9781405743228
035 ## - SYSTEM CONTROL NUMBER
System control number (Sirsi) u148734
041 0# - LANGUAGE CODE
Language code of text/sound track or separate title eng
050 04 - LIBRARY OF CONGRESS CALL NUMBER
Classification number 346.4104343 $2 18
100 1# - MAIN ENTRY--PERSONAL NAME
Personal name Bradford, Katie
245 00 - TITLE STATEMENT
Title Butterworths business landlord and tenant handbook
250 ## - EDITION STATEMENT
Edition statement 5th ed.
260 ## - PUBLICATION, DISTRIBUTION, ETC.
Place of publication, distribution, etc. London
Name of publisher, distributor, etc. Lexis Nexis
Date of publication, distribution, etc. 2009
300 ## - PHYSICAL DESCRIPTION
Extent 1415p.
Dimensions 25cm.
350 ## - PRICE (NR) (BK AM CF MU VM SE) [OBSOLETE]
Price 86
520 ## - SUMMARY, ETC.
Summary, etc. Provides the current text of legislation (statutes and statutory instruments) relating to business and agricultural tenancies. This new edition includes approapriate provisions of the Health Act 2006 and the various statutory instruments associated with it. Also includes provisions of the Tribunals, Courts and Enforcement Act 2007.
520 ## - SUMMARY, ETC.
Summary, etc. Supersedes the fourth edition (ISBN 9781405725903).
521 ## - TARGET AUDIENCE NOTE
Target audience note Advanced
590 ## - LOCAL NOTE (RLIN)
Local note KA
651 #4 - SUBJECT ADDED ENTRY--GEOGRAPHIC NAME
Geographic name England and Wales
Chronological subdivision 1543-
690 ## - LOCAL SUBJECT ADDED ENTRY--TOPICAL TERM (OCLC, RLIN)
Topical term or geographic name as entry element PROPERTY-COMMERCIAL PROPERTY-COMMERCIAL LANDLORD AND TENANT-BUSINESS TENANCIES
700 1# - ADDED ENTRY--PERSONAL NAME
Personal name Matthews, Paul
942 ## - ADDED ENTRY ELEMENTS (KOHA)
Suppress in OPAC 0
Holdings
Withdrawn status Lost status Source of classification or shelving scheme Damaged status Not for loan Home library Current library Shelving location Date acquired Cost, normal purchase price Total Checkouts Full call number Barcode Date last seen Date last checked out Copy number Cost, replacement price Price effective from Koha item type
    Dewey Decimal Classification     London London Books 16/12/2009 86.00 2 346.4104343 BRA 30076576 06/08/2019 17/02/2010 1 86.00 06/08/2019 Book